Welcome to CU Library Online Public Access Catalogue (OPAC)

15 EFFECTIVE PRINCIPLES FOR MEANGFUL LIVING (Record no. 7472)

MARC details
000 -LEADER
fixed length control field 00361nam a22001337a 4500
005 - DATE AND TIME OF LATEST TRANSACTION
control field 20250908101621.0
008 - FIXED-LENGTH DATA ELEMENTS--GENERAL INFORMATION
fixed length control field 250908b |||||||| |||| 00| 0 eng d
020 ## - INTERNATIONAL STANDARD BOOK NUMBER
International Standard Book Number 0971264449
100 ## - MAIN ENTRY--PERSONAL NAME
Personal name ACHEAM-PONG ELVIS
245 ## - TITLE STATEMENT
Title 15 EFFECTIVE PRINCIPLES FOR MEANGFUL LIVING
260 ## - PUBLICATION, DISTRIBUTION, ETC.
Place of publication, distribution, etc. LONDON
Name of publisher, distributor, etc. POSSIBILITY CONCEPTS
Date of publication, distribution, etc. c2004
300 ## - PHYSICAL DESCRIPTION
Extent xvi, 144p
942 ## - ADDED ENTRY ELEMENTS (KOHA)
Source of classification or shelving scheme Library of Congress Classification
Koha item type Books
Suppress in OPAC No
999 ## -
-- 7472
-- 7472
Holdings
Withdrawn status Lost status Source of classification or shelving scheme Damaged status Not for loan Collection Home library Current library Shelving location Date acquired Total checkouts Barcode Date last seen Copy number Price effective from Koha item type
    Library of Congress Classification     Non-fiction Undergraduate Library (Christ Temple) Undergraduate Library (Christ Temple) General stacks 09/08/2025   ULCT00004653 09/08/2025 1 09/08/2025 Books
© 2023-2024 Copyright: Central University Libraries. All Rights Reserved | Created by: Mahone Tech Office